000 00872nam a2200229Ia 4500
999 _c65320
_d65320
005 20240530110818.0
008 140319s2001 au a f b 000 0 ara d
017 _a2001/18282
_bمصر. دار الكتب
020 _a9773052516
040 _aGCL /
_cGCL
082 0 4 _221
_a723.3 /
_bم ت
100 0 _aمحمد زينهم
245 1 2 _aالتواصل الحضارى للفن الاسلامى وتاثيره على فنانى العصر الحديث /
_cتأليف محمد زينهم
250 _aط.1
260 _aالقاهرة :
_bوزارة الثقافة : العلاقات الثقافية الخارجية ،
_c2001
300 _a296 ص. :
_bايض. ؛
_c30 سم.
650 0 7 _aالفن الاسلامى
_2qrmak
650 0 7 _aالفن الحديث
_2qrmak
651 _2qrmak
942 _2ddc
_cBK